Statistiche per Carlo Azeglio Ciampi

Clicka qui per fare il quiz!

Statistiche generali

  • Questo quiz è stato fatto 10 volte
  • Il punteggio medio è 4 su 7

Statistiche sulle risposte

AnniCarica ricoperta% Corretto
1999-2006Presidente della Repubblica
100%
1979-1993Governatore della Banca d'Italia
71%
1993-1994Presidente del consiglio dei ministri
71%
2006-2016Senatore a vita
71%
1996-1997Ministro del bilancio
43%
1996-1997Ministro del tesoro
43%
1998-1999Ministro del tesoro e del bilancio
14%

Distribuzione punteggi

Percentile per numero di risposta

Percentuale di utenti per punteggio

I tuoi punteggi nel tempo

Non hai fatto questo quiz